00338nam a2200133Ia 4500008004100000041001200041082001100053100001600064245006000080260003200140300000800172650000800180700001600188221030s9999 xx 000 0 und d aEnglish a105.23 aP. M. Morey 0aLinear Electronic Circuitscby P. M. Morey, S. B. Lande bSpectrum Pub.aNagpurc1999 a423 aECE aS. B. Lande